000 01129nam a2200229Ia 4500
003 Ost
005 20260507075613.0
008 260507s9999||||xx |||||||||||||| ||und||
020 _a9789961008362
040 _cfsecg
041 _aara
082 _a519.53
100 _aراتول، محمد
_eمؤلف
245 0 _aالإحصاء الوصفي /
_c محمد راتول
250 _aطبعة 4
260 _aالجزائر:
_bديوان المطبوعات الجامعية,
_c2018
300 _a266 صفحة؛
_bإيضاحات ؛
_c22 سم
504 _aالمراجع ص.261
520 _aيتناول هذا الكتاب الإحصاء الوصفي، ويحتوي على مجموعة من المفاهيم و الاستخدامات و المنهجيات الخاصة بالاحصاء الوصفي وحالات استخدامه و كيفية تبويب البيانات الاحصائية و العرض البياني، بالاضافة إلى مقاييس النزعة المركزية و مقاييس التشتت ، والسلاسل الزمنية.
653 _aالإحصاء الوصفي
942 _cكتاب
999 _c45097
_d45097